Marketing research: methodological foundations (3rd ed.) (Record no. 82683)

MARC details
000 -LEADER
fixed length control field 01121nam a2200217 a 4500
008 - FIXED-LENGTH DATA ELEMENTS--GENERAL INFORMATION
fixed length control field 120416s1983 ||||||||||||||||| || u
020 ## - INTERNATIONAL STANDARD BOOK NUMBER
International Standard Book Number 4833701340
050 ## - LIBRARY OF CONGRESS CALL NUMBER
Classification number HF 5415.2 Chu
100 ## - MAIN ENTRY--PERSONAL NAME
Personal name Churchill, Gilbert A
245 10 - TITLE STATEMENT
Title Marketing research: methodological foundations (3rd ed.)
250 ## - EDITION STATEMENT
Edition statement 3rd ed.
260 ## - PUBLICATION, DISTRIBUTION, ETC.
Place of publication, distribution, etc. Chicago
Name of publisher, distributor, etc. Dryden P
Date of publication, distribution, etc. 1983
300 ## - PHYSICAL DESCRIPTION
Extent xxi, 756p. : ill.
350 ## -
-- 0.00
650 #0 - SUBJECT ADDED ENTRY--TOPICAL TERM
Topical term or geographic name entry element MARKETING RESEARCH
650 #0 - SUBJECT ADDED ENTRY--TOPICAL TERM
Topical term or geographic name entry element MARKETING--MANAGEMENT--CASE STUDIES
995 ## -
-- TEXTBOOKS (SB)
-- 0.00
-- 1207
-- CBU-SCHOOL TEXTBOOK COLLECTIONS
-- 1
-- 0.00
-- SCHOOL TEXTBOOK
-- 4
-- AVAILABLE
-- Sep 17, 2009
-- 1207
-- School Collections
995 ## -
-- MAIN LIBRARY OPEN ACCESS
-- 0.00
-- 707969
-- CBU-MAIN LIBRARY (Kitwe)
-- 1
-- 65.13
-- HF 5415.2 Chu
-- 1
-- AVAILABLE
-- 005673
-- Main Library Open Access Collection
995 ## -
-- MAIN LIBRARY OPEN ACCESS
-- 0.00
-- 40849
-- CBU-MAIN LIBRARY (Kitwe)
-- 2
-- 65.13
-- HF 5415.2 Chu
-- 2
-- AVAILABLE
-- 40849
-- Main Library Open Access Collection
995 ## -
-- TEXTBOOKS (SB)
-- 0.00
-- 1206
-- CBU-SCHOOL TEXTBOOK COLLECTIONS
-- 1
-- 0.00
-- SCHOOL TEXTBOOK
-- 3
-- AVAILABLE
-- Sep 17, 2009
-- 1206
-- School Collections
999 ## -
-- 82683
-- 82683
Holdings
Withdrawn status Lost status Source of classification or shelving scheme Damaged status Not for loan Permanent Location Current Location Shelving location Date acquired Total Checkouts Full call number Barcode Date last seen Copy number Price effective from Koha item type Checked out Date last checked out
          CBU-MAIN LIBRARY, KITWE. CBU-MAIN LIBRARY, KITWE.   09/29/2023 1 HF 5415.2 Chu 005673 05/06/2026 2 09/29/2023 MONOGRAPH 05/20/2026 05/06/2026
          CBU-MAIN LIBRARY, KITWE. CBU-MAIN LIBRARY, KITWE.   09/29/2023   HF 5415.2 Chu 40849 09/29/2023 3 09/29/2023 MONOGRAPH    
          CBU-SCHOOL TEXT BOOK COLLECTION CBU-SCHOOL TEXT BOOK COLLECTION   09/29/2023   SCHOOL TEXTBOOK 1207 09/29/2023 1 09/29/2023 MONOGRAPH    
          CBU-SCHOOL TEXT BOOK COLLECTION CBU-SCHOOL TEXT BOOK COLLECTION   09/29/2023   SCHOOL TEXTBOOK 1206 09/29/2023 4 09/29/2023 MONOGRAPH